| 000 | 005560000a22001810004500 | ||
|---|---|---|---|
| 003 | MACL | ||
| 005 | 20160518163710.0 | ||
| 008 | 160518b xxu||||| |||| 00| 0 eng d | ||
| 040 |
_aMACL _cMACL |
||
| 041 | _aHindi | ||
| 082 | _a891.433 | ||
| 100 |
_aजोशी , नवीन _955245 |
||
| 245 |
_aराजधानी की शिकार कथा _cनवीन जोशी |
||
| 260 |
_bसामयिक प्रकाशन _c2004 _aदिल्ली |
||
| 350 | _a150 | ||
| 650 |
_aStory _958053 |
||
| 942 |
_cHIN _k891.433/JOS/S _2ddc |
||
| 999 |
_c44373 _d44373 |
||